000 00594nam a2200217 u 4500
005 20220825160452.0
008 100623s2005 es r 000 0 spa d
020 _a8423676587
035 _aUPN01000176904
049 _aCG
050 4 _aPQ6704 O2.2
_bA4.5 2005
100 1 _aDocavo Alberti, Nacho
245 1 3 _aEl alma del Lama /
_cNacho Docavo Alberti.
250 _a3a ed.
260 _aBarcelona, Esp. :
_bEdebé,
_c2005.
300 _a238 p.
440 0 _aPeriscopio ;
_v66
650 7 _aNovela española
_ySiglo XXI
_2
_912862
651 4 _aTIBET -
_vNOVELA
_918635
905 _aLibro
999 _c149007
_d149007